[Event "European Youth Chess Championship B18"]
[Site "Prague, Top Hotel Prague"]
[Date "2016.08.20"]
[Round "3.49"]
[White "Ferreira, Hugo Miguel Da Costa"]
[Black "Thorhallsson, Simon"]
[Result "0-1"]
[WhiteElo "1975"]
[BlackElo "2169"]
[PlyCount "42"]
[EventDate "2016.08.18"]

1. d4 d5 2. Bf4 Nf6 3. e3 c5 4. c3 Nc6 5. Nd2 Qb6 6. Qb3 c4 7. Qc2 g6 8. e4
dxe4 9. Nxc4 Qd8 10. Ne5 Bg7 11. Bb5 Bd7 12. Rd1 O-O 13. Ne2 Rc8 14. O-O a6 15.
Nxc6 Bxc6 16. Bxc6 Rxc6 17. Be5 Qd5 18. Nf4 Qxa2 19. Ra1 Qc4 20. Ra4 Qb5 21.
Rb4 Qxb4 0-1

[Event "European Youth Chess Championship B18"]
[Site "Prague, Top Hotel Prague"]
[Date "2016.08.20"]
[Round "3.50"]
[White "Sramek, Ondrej"]
[Black "Steindl, Johannes"]
[Result "1-0"]
[WhiteElo "1945"]
[BlackElo "2141"]
[PlyCount "99"]
[EventDate "2016.08.18"]

1. e4 g6 2. d4 Bg7 3. Nc3 d6 4. Bc4 Nf6 5. Qe2 O-O 6. e5 dxe5 7. dxe5 Nfd7 8.
f4 Nb6 9. Bb3 Nc6 10. Nf3 Bg4 11. Be3 a5 12. Rd1 Qc8 13. a4 Be6 14. Bxe6 Qxe6
15. O-O Rad8 16. b3 f6 17. Ne4 Nd5 18. Qc4 Qf7 19. Bc1 Nb6 20. Qe2 fxe5 21.
Rxd8 Rxd8 22. fxe5 Qd5 23. Bb2 Nxe5 24. Nxe5 Bxe5 25. Bxe5 Qxe5 26. Qf3 Nd5 27.
c4 Qd4+ 28. Kh1 Ne3 29. Qf7+ Kh8 30. Ng5 Qg7 31. Qxg7+ Kxg7 32. Ne6+ Kg8 33.
Nxd8 Nxf1 34. Nxb7 Kf7 35. Nxa5 Ke6 36. Kg1 Nd2 37. Kf2 Kd6 38. Ke2 Ne4 39. Kd3
Nc5+ 40. Kc3 e5 41. b4 Ne4+ 42. Kc2 Nf6 43. Nb7+ Kd7 44. Nc5+ Kc8 45. Kd3 Ng4
46. h3 Nf2+ 47. Ke2 Nh1 48. Kf3 h5 49. g4 h4 50. Ne4 1-0

[Event "European Youth Chess Championship B18"]
[Site "Prague, Top Hotel Prague"]
[Date "2016.08.20"]
[Round "3.51"]
[White "Tirziman, Rudolf"]
[Black "Levitan, Tal"]
[Result "0-1"]
[WhiteElo "1884"]
[BlackElo "2099"]
[PlyCount "104"]
[EventDate "2016.08.18"]

1. e4 e5 2. Nf3 Nc6 3. d4 exd4 4. Nxd4 Nf6 5. Nxc6 bxc6 6. e5 Qe7 7. Qe2 Nd5 8.
c4 Ba6 9. b3 Qh4 10. Bb2 Bb4+ 11. Kd1 Nf4 12. Qf3 Ne6 13. Nd2 O-O-O 14. g3 Qe7
15. Bg2 d5 16. c5 Bxd2 17. Kxd2 Nxc5 18. Qe3 Ne4+ 19. Kc2 Qc5+ 20. Qxc5 Nxc5
21. Bf1 Bxf1 22. Rhxf1 Rhe8 23. Rad1 g6 24. Rfe1 Ne6 25. b4 Kb7 26. f4 c5 27.
bxc5 Nxc5 28. Re3 Ne6 29. Rb3+ Ka8 30. Ba3 c5 31. Rbd3 d4 32. Kb3 Kb7 33. Kc4
Kc6 34. Rf1 Rb8 35. g4 Rb5 36. f5 Nc7 37. fxg6 Nd5 38. Rdf3 hxg6 39. Rf6+ Nxf6
40. Rxf6+ Re6 41. Rxf7 Ra5 42. Bc1 Rxa2 43. Bg5 Rc2+ 44. Kd3 Rxh2 45. Bf6 Rh3+
46. Kd2 c4 47. Rxa7 Rh2+ 48. Kd1 Kd5 49. Rg7 Ra6 50. Rd7+ Ke4 51. Rxd4+ Kxd4
52. e6+ Kd3 0-1

[Event "European Youth Chess Championship B18"]
[Site "Prague, Top Hotel Prague"]
[Date "2016.08.20"]
[Round "3.52"]
[White "Pozun, Matej"]
[Black "De, Block Yordi"]
[Result "0-1"]
[WhiteElo "2078"]
[BlackElo "2015"]
[PlyCount "72"]
[EventDate "2016.08.18"]

1. e4 d5 2. exd5 Qxd5 3. Nc3 Qd6 4. d4 Nf6 5. Nf3 g6 6. Bc4 Bg7 7. Bg5 O-O 8.
Qd2 a6 9. Bb3 b5 10. Bf4 Qd8 11. O-O Bb7 12. Qe2 Nbd7 13. Rad1 e6 14. Bg5 Qc8
15. a3 c5 16. dxc5 Qxc5 17. Be3 Qc6 18. Bf4 Rad8 19. Rd6 Qc8 20. Rfd1 Nc5 21.
Ba2 Nfe4 22. Nxe4 Nxe4 23. Rxd8 Rxd8 24. Be5 Rxd1+ 25. Qxd1 Bxe5 26. Nxe5 Nxf2
27. Qf1 Qc5 28. Qxf2 Qxe5 29. c3 Qc7 30. h3 Qd6 31. Bb3 a5 32. a4 b4 33. cxb4
Qxb4 34. Qe3 Bc6 35. Bxe6 Qxb2 36. Bc4 Qxg2# 0-1

[Event "European Youth Chess Championship B18"]
[Site "Prague, Top Hotel Prague"]
[Date "2016.08.20"]
[Round "3.53"]
[White "Berthaut, Alexandre"]
[Black "Jonsson, Gauti Pall"]
[Result "0-1"]
[WhiteElo "1720"]
[BlackElo "2075"]
[PlyCount "98"]
[EventDate "2016.08.18"]

1. e4 e6 2. d4 d5 3. exd5 exd5 4. Bd3 Nc6 5. c3 Bd6 6. Qf3 Nge7 7. Ne2 O-O 8.
Qh5 g6 9. Qf3 Bf5 10. Bg5 Bxd3 11. Qxd3 f6 12. Bh6 Re8 13. h4 Nf5 14. h5 Qe7
15. hxg6 hxg6 16. g4 Nxh6 17. Qxg6+ Qg7 18. Qxh6 Re7 19. Qxg7+ Kxg7 20. Kd1
Rae8 21. Nc1 Kg6 22. Nd3 Kg5 23. Rg1 Re4 24. Nd2 Rxg4 25. Kc2 f5 26. Rae1 Rxe1
27. Rxg4+ Kxg4 28. Nxe1 Nd8 29. Kd3 Ne6 30. Ng2 Nf4+ 31. Nxf4 Bxf4 32. Nf1 Kf3
33. Ne3 Bxe3 34. fxe3 b5 35. b3 a5 36. a4 bxa4 37. bxa4 Kf2 38. Kd2 c6 39. Kd3
Ke1 40. c4 Kf2 41. cxd5 cxd5 42. Kd2 Kf3 43. Kd3 f4 44. exf4 Kxf4 45. Ke2 Ke4
46. Kd2 Kxd4 47. Kc2 Ke3 48. Kd1 d4 49. Ke1 d3 0-1

[Event "European Youth Chess Championship B18"]
[Site "Prague, Top Hotel Prague"]
[Date "2016.08.20"]
[Round "3.54"]
[White "Sucharda, David"]
[Black "Pein, Jonathan"]
[Result "0-1"]
[WhiteElo "2051"]
[BlackElo "1980"]
[PlyCount "72"]
[EventDate "2016.08.18"]

1. d4 Nf6 2. Nf3 g6 3. g3 Bg7 4. Bg2 O-O 5. b3 c5 6. Bb2 cxd4 7. Nxd4 Nc6 8.
O-O Nxd4 9. Bxd4 d6 10. c4 Qc7 11. Nc3 Bd7 12. Rc1 Rac8 13. Qd2 b6 14. Rfd1 Bc6
15. e4 Qb7 16. f3 Rfd8 17. Qb2 b5 18. cxb5 Bxb5 19. a4 Bc4 20. b4 e5 21. Bf2 d5
22. b5 Bh6 23. Rb1 d4 24. Na2 Nd7 25. Nb4 Nb6 26. Qa1 Be2 27. Re1 d3 28. Nc6
Rxc6 29. bxc6 Qxc6 30. Qxe5 Nc4 31. Qc3 Bd2 32. Qa1 Bxe1 33. Bxe1 d2 34. Bxd2
Nxd2 35. Re1 Nxf3+ 36. Bxf3 Bxf3 0-1

[Event "European Youth Chess Championship B18"]
[Site "Prague, Top Hotel Prague"]
[Date "2016.08.20"]
[Round "3.55"]
[White "Koehn, Lennart"]
[Black "Maes, Tibo"]
[Result "1-0"]
[WhiteElo "2048"]
[BlackElo "1950"]
[PlyCount "135"]
[EventDate "2016.08.18"]

1. e4 c5 2. Nf3 d6 3. d4 cxd4 4. Nxd4 Nf6 5. Nc3 a6 6. h3 e5 7. Nde2 Be7 8. g4
Be6 9. Bg2 O-O 10. Be3 Nbd7 11. g5 Ne8 12. h4 f5 13. exf5 Bxf5 14. Bxb7 Rb8 15.
Ng3 Be6 16. Bd5 Bxd5 17. Qxd5+ Kh8 18. b3 Nb6 19. Qd2 Nc7 20. Rd1 d5 21. Bxb6
Rxb6 22. O-O Bb4 23. Qd3 Rf4 24. Qe3 Re6 25. Nxd5 Nxd5 26. c4 Rxh4 27. Rxd5 Qe8
28. Rfd1 Rd4 29. R5xd4 exd4 30. Qxd4 Bd6 31. Qd5 h6 32. gxh6 Rxh6 33. Qe4 Re6
34. Qh4+ Rh6 35. Qe4 Re6 36. Qf3 Bxg3 37. fxg3 Re3 38. Qh1+ Kg8 39. Qd5+ Kh7
40. Qf5+ Kg8 41. Qg5 Re1+ 42. Rxe1 Qxe1+ 43. Kg2 Qe2+ 44. Kh3 Qf1+ 45. Kg4 Qd1+
46. Kf5 Qd7+ 47. Ke5 Qc7+ 48. Kd4 Qb6+ 49. c5 Qb4+ 50. Kd5 Qb7+ 51. Kd6 Qb8+
52. Kc6 Qb5+ 53. Kc7 Qa5+ 54. Kb7 Qb5+ 55. Ka7 Qd7+ 56. Kxa6 Qc6+ 57. Ka5 Qc7+
58. Kb4 Qb7+ 59. Kc3 Qf3+ 60. Kd4 Qd1+ 61. Ke5 Qe2+ 62. Kd6 Qxa2 63. Qd5+ Kh8
64. c6 Qa3+ 65. Kd7 Qb4 66. c7 Qg4+ 67. Qe6 Qd4+ 68. Ke8 1-0

[Event "European Youth Chess Championship B18"]
[Site "Prague, Top Hotel Prague"]
[Date "2016.08.21"]
[Round "4.1"]
[White "Bellahcene, Bilel"]
[Black "Vavulin, Maksim"]
[Result "1-0"]
[WhiteElo "2467"]
[BlackElo "2559"]
[PlyCount "205"]
[EventDate "2016.08.18"]

1. d4 Nf6 2. Nf3 e6 3. c4 b6 4. g3 Bb7 5. Bg2 g6 6. O-O Bg7 7. Nc3 Ne4 8. Qc2
Nxc3 9. Qxc3 O-O 10. Bg5 f6 11. Bf4 g5 12. Bc1 g4 13. Ne1 Bxg2 14. Nxg2 f5 15.
Qd3 Nc6 16. Be3 Qf6 17. Rad1 Qf7 18. b3 h5 19. Qd2 Kh7 20. d5 Ne5 21. Bf4 Rac8
22. f3 Ng6 23. fxg4 hxg4 24. e4 Nxf4 25. Nxf4 e5 26. Nd3 Qg6 27. exf5 Rxf5 28.
Rxf5 Qxf5 29. Rf1 Qg6 30. Qe2 Re8 31. Nf2 e4 32. Nxg4 e3 33. h3 c5 34. Rf3 Bd4
35. Kg2 Qe4 36. Kh2 Kg7 37. Rf4 Qg6 38. Kg2 Re4 39. Kf3 Rxf4+ 40. gxf4 Kf8 41.
Qe1 Qh7 42. Qf1 e2 43. Kxe2 Qe4+ 44. Kd2 b5 45. cxb5 Qxd5 46. Ne3 Qe4 47. Qd3
Qf3 48. Nf1 Qf2+ 49. Qe2 Bc3+ 50. Kd1 Qd4+ 51. Kc2 Bb4 52. Qd3 Qa1 53. a4 Ke8
54. Ne3 Kd8 55. Nd5 Qa2+ 56. Kd1 Qf2 57. Nxb4 cxb4 58. Qd2 Qf3+ 59. Kc2 Qe4+
60. Kb2 d5 61. a5 Kd7 62. h4 d4 63. Qxb4 Qe2+ 64. Kc1 Qf1+ 65. Kb2 Qe2+ 66. Ka3
d3 67. Qd4+ Ke7 68. Qc5+ Kf6 69. Qe5+ Kf7 70. b6 axb6 71. axb6 Qxe5 72. fxe5 d2
73. b7 d1=Q 74. b8=Q Qa1+ 75. Kb4 Qd4+ 76. Ka5 Qa1+ 77. Kb6 Qd4+ 78. Ka6 Qa1+
79. Kb7 Qh1+ 80. Kc8 Qh3+ 81. Kd8 Qxh4+ 82. Kc7 Qe7+ 83. Kc6 Qe6+ 84. Kc5 Qe7+
85. Qd6 Qa7+ 86. Kc4 Qg1 87. e6+ Kg8 88. Qd8+ Kh7 89. Qd3+ Kg8 90. Kb5 Qg5+ 91.
Kc6 Qf6 92. Kd7 Kf8 93. Qd6+ Kg8 94. e7 Qg7 95. Kd8 Qg5 96. Qe6+ Kg7 97. b4 Qh4
98. b5 Qg5 99. Kc8 Qc5+ 100. Qc6 Qf5+ 101. Kb8 Qe5+ 102. Kb7 Qxe7+ 103. Qc7 1-0

[Event "European Youth Chess Championship B18"]
[Site "Prague, Top Hotel Prague"]
[Date "2016.08.21"]
[Round "4.2"]
[White "Petrosyan, Manuel"]
[Black "O`Donnell, Conor"]
[Result "1-0"]
[WhiteElo "2512"]
[BlackElo "2347"]
[PlyCount "91"]
[EventDate "2016.08.18"]

1. d4 d5 2. c4 e6 3. Nc3 c6 4. e3 Nf6 5. b3 Bb4 6. Bb2 Ne4 7. Nge2 Qa5 8. Qc2
Bd6 9. a3 f5 10. f3 Nxc3 11. Nxc3 O-O 12. Bd3 c5 13. b4 cxb4 14. axb4 Qc7 15.
c5 Bxh2 16. Nb5 Bg3+ 17. Kd2 Qd8 18. f4 Nc6 19. Bc3 g5 20. Raf1 Rf7 21. Kc1 Rg7
22. Nd6 Ne7 23. Qd2 g4 24. Qa2 b6 25. Rh6 Bd7 26. Rfh1 a5 27. b5 Qc7 28. Kd2
Rf8 29. Qa3 Ng6 30. cxb6 Qxb6 31. Bxa5 Ra8 32. Bxb6 Rxa3 33. Bc5 Ra2+ 34. Kc3
Nxf4 35. exf4 Bxf4 36. Rf6 Bg5 37. Rf8+ Kxf8 38. Nxf5+ Kg8 39. Nxg7 h6 40. Nh5
Be8 41. g3 Ra8 42. b6 Rb8 43. Nf4 Bxf4 44. gxf4 h5 45. Ba6 g3 46. Rh3 1-0

[Event "European Youth Chess Championship B18"]
[Site "Prague, Top Hotel Prague"]
[Date "2016.08.21"]
[Round "4.3"]
[White "Kelires, Andreas"]
[Black "Christiansen, Johan-Sebastian"]
[Result "1-0"]
[WhiteElo "2483"]
[BlackElo "2404"]
[PlyCount "63"]
[EventDate "2016.08.18"]

1. d4 d5 2. c4 dxc4 3. Nf3 Nf6 4. e3 e6 5. Bxc4 a6 6. O-O b5 7. Bd3 Bb7 8. a4
b4 9. Nbd2 c5 10. e4 Nc6 11. e5 Nd7 12. Ne4 Nxd4 13. Nxd4 cxd4 14. Bg5 Qa5 15.
f4 Qd5 16. Qe2 Nc5 17. Nxc5 Bxc5 18. f5 exf5 19. Rxf5 O-O 20. Bf6 gxf6 21. Qg4+
Kh8 22. Rh5 Qxg2+ 23. Qxg2 Bxg2 24. exf6 Bf3 25. Rxh7+ Kg8 26. Rf1 Rfe8 27.
Rxf3 Re3 28. Rf4 Rxd3 29. Rfh4 Rd1+ 30. Kg2 Rd2+ 31. Kf1 Rd1+ 32. Ke2 1-0

[Event "European Youth Chess Championship B18"]
[Site "Prague, Top Hotel Prague"]
[Date "2016.08.21"]
[Round "4.4"]
[White "Marek, Matyas"]
[Black "Jarmula, Lukasz"]
[Result "1/2-1/2"]
[WhiteElo "2389"]
[BlackElo "2452"]
[PlyCount "58"]
[EventDate "2016.08.18"]

1. e4 c5 2. Nf3 d6 3. d4 cxd4 4. Nxd4 Nf6 5. Nc3 a6 6. Bg5 e6 7. f4 Be7 8. Qf3
Qc7 9. O-O-O Nbd7 10. f5 e5 11. Nde2 b5 12. Bxf6 Nxf6 13. Nd5 Nxd5 14. exd5 Bb7
15. Ng3 Rc8 16. Bd3 Qc5 17. Be4 Bg5+ 18. Kb1 Qe3 19. Qg4 h5 20. Nxh5 Rc4 21. h4
Rxh5 22. Qxh5 Qxe4 23. hxg5 Qxc2+ 24. Ka1 Rb4 25. b3 Qc3+ 26. Kb1 Rxb3+ 27.
axb3 Qxb3+ 28. Kc1 Qc3+ 29. Kb1 Qb3+ 1/2-1/2

[Event "European Youth Chess Championship B18"]
[Site "Prague, Top Hotel Prague"]
[Date "2016.08.21"]
[Round "4.5"]
[White "Nguyen, Thai Dai Van"]
[Black "Tutisani, Noe"]
[Result "1/2-1/2"]
[WhiteElo "2445"]
[BlackElo "2366"]
[PlyCount "58"]
[EventDate "2016.08.18"]

1. e4 c5 2. Nf3 d6 3. d4 cxd4 4. Nxd4 Nf6 5. Nc3 a6 6. h3 e5 7. Nde2 h5 8. Bg5
Be7 9. Bxf6 Bxf6 10. Nd5 Bg5 11. Nec3 Be6 12. Bc4 Nc6 13. O-O Rc8 14. a4 g6 15.
Ba2 O-O 16. Qd3 Kg7 17. Kh1 h4 18. Rad1 Qa5 19. Rb1 Nb4 20. Nxb4 Qxb4 21. Bd5
Bxd5 22. Qxd5 Rc4 23. Rfd1 Rd4 24. Rxd4 exd4 25. Ne2 Bf6 26. Rd1 Rc8 27. Nxd4
Bxd4 28. Qxd4+ Qxd4 29. Rxd4 Rxc2 1/2-1/2

[Event "European Youth Chess Championship B18"]
[Site "Prague, Top Hotel Prague"]
[Date "2016.08.21"]
[Round "4.6"]
[White "Santos, Ruiz Miguel"]
[Black "Plenca, Jadranko"]
[Result "1-0"]
[WhiteElo "2440"]
[BlackElo "2389"]
[PlyCount "91"]
[EventDate "2016.08.18"]

1. e4 e5 2. Nf3 Nc6 3. Bb5 a6 4. Ba4 Nf6 5. O-O Be7 6. Re1 b5 7. Bb3 d6 8. c3
O-O 9. h3 h6 10. d4 Re8 11. Nbd2 Bf8 12. Nf1 Bd7 13. Ng3 Na5 14. Bc2 Nc4 15. a4
c5 16. d5 Nb6 17. axb5 axb5 18. Rb1 c4 19. Be3 Be7 20. Nd2 Nh7 21. f4 exf4 22.
Bxf4 Nf8 23. Nh5 Ng6 24. Bh2 Bf6 25. Bxd6 Bxh3 26. Bc5 Bd7 27. Nxf6+ Qxf6 28.
Rf1 Qd8 29. Qf3 Ne5 30. Qf2 Nc8 31. Nf3 Nd3 32. Bxd3 cxd3 33. Nd2 f6 34. Qg3
Nb6 35. Bd4 Kh8 36. Qxd3 Nc4 37. Nxc4 bxc4 38. Qe3 Ra6 39. Rbe1 Ba4 40. Rf2 Kh7
41. Qf3 Bd7 42. Qe2 Qc8 43. Qc2 Kg8 44. b4 Ba4 45. Qe2 Qd7 46. Qxc4 1-0

[Event "European Youth Chess Championship B18"]
[Site "Prague, Top Hotel Prague"]
[Date "2016.08.21"]
[Round "4.7"]
[White "Toma, Radu-Cristian"]
[Black "Beerdsen, Thomas"]
[Result "0-1"]
[WhiteElo "2303"]
[BlackElo "2424"]
[PlyCount "126"]
[EventDate "2016.08.18"]

1. d4 Nf6 2. Nf3 e6 3. c4 b6 4. g3 Bb7 5. Bg2 Be7 6. O-O O-O 7. Nc3 Na6 8. Bf4
c5 9. Rc1 cxd4 10. Qxd4 d6 11. Qd2 Rc8 12. Nb5 Ne4 13. Qd1 Nc7 14. Nxc7 Rxc7
15. Nd2 Nxd2 16. Qxd2 Bxg2 17. Kxg2 Qc8 18. b3 Rd8 19. Rfd1 Rcd7 20. Kg1 h6 21.
Qc2 Qb7 22. Rd2 d5 23. cxd5 Rxd5 24. Rxd5 Qxd5 25. Qc6 Bc5 26. Qxd5 Rxd5 27.
Rc3 g5 28. Be3 Bxe3 29. Rxe3 Rd2 30. a4 Kf8 31. Kg2 Ke7 32. Kf3 h5 33. h3 f6
34. Rc3 Kd6 35. Rc4 Rb2 36. Rc3 f5 37. h4 g4+ 38. Ke3 e5 39. f4 e4 40. Kf2 a6
41. Rc8 Rxb3 42. Rf8 e3+ 43. Kg2 Rb2 44. Rxf5 Rxe2+ 45. Kf1 Rf2+ 46. Ke1 Rg2
47. Rxh5 Rxg3 48. Ke2 Rf3 49. a5 b5 50. Rh6+ Kd5 51. Rxa6 Ke4 52. Re6+ Kxf4 53.
a6 Rf2+ 54. Ke1 Ra2 55. Rf6+ Kg3 56. h5 b4 57. h6 b3 58. h7 b2 59. Rb6 Kf3 60.
Rf6+ Kg2 61. Rb6 Rxa6 62. Rxb2+ Kf3 63. Ra2 Rh6 0-1

[Event "European Youth Chess Championship B18"]
[Site "Prague, Top Hotel Prague"]
[Date "2016.08.21"]
[Round "4.8"]
[White "Portela, Peleteiro Alberto"]
[Black "Juhasz, Armin"]
[Result "1-0"]
[WhiteElo "2340"]
[BlackElo "2411"]
[PlyCount "67"]
[EventDate "2016.08.18"]

1. e4 c6 2. d4 d5 3. exd5 cxd5 4. Bd3 Nc6 5. c3 Nf6 6. Bf4 Bg4 7. Qb3 Qd7 8.
Nd2 e6 9. Ngf3 Bxf3 10. Nxf3 Bd6 11. Be5 Bxe5 12. Nxe5 Qc7 13. f4 O-O 14. O-O
Rab8 15. Rae1 b5 16. Qc2 Ne7 17. Rf3 b4 18. Rh3 Ng6 19. g4 bxc3 20. bxc3 Nd7
21. Rf1 Ndxe5 22. fxe5 Rbc8 23. Ba6 Rb8 24. g5 Qe7 25. Qg2 Qa3 26. Qe2 Rfe8 27.
Qh5 Qxa6 28. Qxh7+ Kf8 29. Rhf3 Rb7 30. Qxg6 Ree7 31. Qh7 Ke8 32. Qg8+ Kd7 33.
Rxf7 Kc6 34. Qc8+ 1-0

[Event "European Youth Chess Championship B18"]
[Site "Prague, Top Hotel Prague"]
[Date "2016.08.21"]
[Round "4.9"]
[White "Molenda, Marcin"]
[Black "Stefanov, Emil"]
[Result "1-0"]
[WhiteElo "2277"]
[BlackElo "2505"]
[PlyCount "97"]
[EventDate "2016.08.18"]

1. d4 Nf6 2. c4 e6 3. Nf3 c5 4. d5 d6 5. Nc3 exd5 6. cxd5 g6 7. Bf4 Bg7 8. e3
O-O 9. h3 Na6 10. Be2 Nc7 11. a4 Re8 12. O-O Ne4 13. Qb3 g5 14. Bh2 b6 15. Rac1
Bf5 16. Rfd1 h6 17. Bd3 Nxc3 18. bxc3 Bxd3 19. Rxd3 Qf6 20. Re1 Qg6 21. c4 f5
22. a5 Na6 23. Qb5 Nb4 24. Rb3 g4 25. hxg4 fxg4 26. Nh4 Qc2 27. Rbb1 Rf8 28.
Bg3 Rf7 29. Rec1 Qe4 30. Rf1 Nd3 31. Qc6 Raf8 32. axb6 axb6 33. Rxb6 Be5 34.
Bxe5 Nxe5 35. Qxd6 g3 36. Ng6 gxf2+ 37. Kh1 Nxc4 38. Qg3 Rg7 39. Re6 Qd3 40.
Ne7+ Kh8 41. Rxh6+ Qh7 42. Ng6+ Kg8 43. Rxh7 Rxh7+ 44. Nh4+ Rg7 45. Qh3 Nd2 46.
Qe6+ Kh7 47. Nf5 Rg6 48. Qe7+ Kg8 49. Rxf2 1-0

[Event "European Youth Chess Championship B18"]
[Site "Prague, Top Hotel Prague"]
[Date "2016.08.21"]
[Round "4.10"]
[White "Bakhmatsky, Vladislav"]
[Black "Martirosyan, Haik M"]
[Result "0-1"]
[WhiteElo "2296"]
[BlackElo "2461"]
[PlyCount "156"]
[EventDate "2016.08.18"]

1. e4 e6 2. d4 d5 3. Nd2 c5 4. exd5 Qxd5 5. dxc5 Bxc5 6. Ngf3 Nf6 7. Bc4 Qd8 8.
O-O O-O 9. Qe2 Nbd7 10. Nb3 Bd6 11. Nbd4 Nb6 12. Bb3 a6 13. Bg5 Qc7 14. Bxf6
gxf6 15. Qe4 Kh8 16. Qh4 Be7 17. Qh5 Qc5 18. Qxc5 Bxc5 19. Ne2 Bd7 20. Rad1
Rad8 21. Rfe1 Rg8 22. c3 Bc6 23. Rxd8 Rxd8 24. Ned4 Be8 25. h3 Nd5 26. Ne2 Ne7
27. Rd1 Rc8 28. Ng3 Bc6 29. Nd4 Bxd4 30. Rxd4 Rg8 31. Kh2 f5 32. f3 Ng6 33. Nh5
Ne5 34. Bd1 Nd7 35. Rd2 Nb6 36. Bb3 a5 37. a3 a4 38. Ba2 Nd7 39. Bc4 Nc5 40.
Rd6 Rc8 41. Kg1 Kg8 42. Kf2 Kf8 43. Nf4 Ke7 44. Rd1 Nd7 45. Be2 Nf6 46. Nd3 Be8
47. Nb4 f4 48. Bd3 Rc5 49. Re1 h6 50. Be4 Rb5 51. Bc2 Rg5 52. Be4 b6 53. Nd3
Nh5 54. Nb4 Bb5 55. Rd1 Rc5 56. Bc2 Nf6 57. Rd4 e5 58. Rd1 h5 59. Bf5 Bc4 60.
Be4 Nxe4+ 61. fxe4 h4 62. Kf3 f6 63. Rd2 Bf7 64. Kg4 Be6+ 65. Kf3 Bc4 66. Kg4
Rc8 67. Nd5+ Ke6 68. Nxb6 Rg8+ 69. Kf3 Bf1 70. Rd1 Bxg2+ 71. Kf2 Bxe4 72. Nxa4
Rg2+ 73. Ke1 Kf5 74. Rd2 Rg1+ 75. Kf2 Rh1 76. Nc5 Rxh3 77. Rd6 Rh2+ 78. Kf1
Rxb2 0-1

[Event "European Youth Chess Championship B18"]
[Site "Prague, Top Hotel Prague"]
[Date "2016.08.21"]
[Round "4.11"]
[White "Hollan, Martin"]
[Black "Vykouk, Jan"]
[Result "0-1"]
[WhiteElo "2256"]
[BlackElo "2434"]
[PlyCount "106"]
[EventDate "2016.08.18"]

1. d4 Nf6 2. Bg5 e6 3. Bxf6 Qxf6 4. e4 e5 5. Nf3 exd4 6. e5 Qb6 7. Bd3 d5 8.
exd6 Bxd6 9. Qe2+ Be6 10. O-O Nd7 11. Na3 O-O-O 12. Nb5 Bg4 13. Rfe1 Nf6 14.
Nbxd4 Bxh2+ 15. Kxh2 Rxd4 16. Qe3 Bxf3 17. Qxf3 Kb8 18. Kg1 Qd6 19. Qg3 Qxg3
20. fxg3 Re8 21. Rxe8+ Nxe8 22. Re1 Rd8 23. Bc4 Nd6 24. Bb3 Kc8 25. g4 Kd7 26.
g5 Re8 27. Rf1 Ke7 28. Kf2 Kf8 29. Kf3 Re5 30. Kg4 c5 31. Rd1 Ke7 32. Bd5 Re2
33. Rc1 Rd2 34. Bf3 b6 35. Re1+ Kd7 36. Re2 Rxe2 37. Bxe2 Ke6 38. Kf4 f6 39.
Bg4+ Ke7 40. Bf3 fxg5+ 41. Kxg5 Ke6 42. Kf4 Kf6 43. Be2 g5+ 44. Ke3 Nf5+ 45.
Kd3 Ke5 46. g4 Nd4 47. Bd1 Kf4 48. Kc4 Nf3 49. Kb5 Kxg4 50. Ka6 h5 51. Be2 h4
52. Bf1 h3 53. Kxa7 Nd2 0-1

[Event "European Youth Chess Championship B18"]
[Site "Prague, Top Hotel Prague"]
[Date "2016.08.21"]
[Round "4.12"]
[White "Blahynka, Martin"]
[Black "Meunier, Clement"]
[Result "1/2-1/2"]
[WhiteElo "2431"]
[BlackElo "2293"]
[PlyCount "141"]
[EventDate "2016.08.18"]

1. e4 e6 2. d4 d5 3. exd5 exd5 4. c4 Nf6 5. Nc3 Be7 6. Nf3 O-O 7. Be2 dxc4 8.
Bxc4 Nc6 9. O-O Bg4 10. Be3 Nb4 11. h3 Bh5 12. g4 Bg6 13. Ne5 Nbd5 14. Qf3 Nxc3
15. Nxg6 hxg6 16. bxc3 c6 17. Rab1 Qd7 18. a4 a6 19. Bb3 Nd5 20. Bd2 g5 21. c4
Nf4 22. Bxf4 gxf4 23. Qxf4 Bd6 24. Qd2 Rad8 25. Rbd1 Bc5 26. d5 Qd6 27. Kg2
Rfe8 28. Rfe1 Ba7 29. Re2 Bb8 30. Rh1 Re5 31. Rxe5 Qxe5 32. Qe3 Kf8 33. Qxe5
Bxe5 34. Re1 Bd6 35. Rc1 Bc5 36. Kf3 Ke7 37. h4 g6 38. Re1+ Kd7 39. Bc2 cxd5
40. cxd5 Rc8 41. h5 Bxf2 42. Kxf2 Rxc2+ 43. Kg3 gxh5 44. gxh5 Kd6 45. h6 Kxd5
46. Re8 Rc3+ 47. Kg4 Rc4+ 48. Kg5 Rxa4 49. h7 f6+ 50. Kf5 Rh4 51. h8=Q Rxh8 52.
Rxh8 b5 53. Kf4 Kd4 54. Rb8 Kc3 55. Ke3 b4 56. Ke2 a5 57. Kd1 a4 58. Kc1 a3 59.
Kb1 b3 60. Rf8 a2+ 61. Ka1 Kc2 62. Rc8+ Kd3 63. Kb2 f5 64. Rf8 Ke4 65. Ra8 f4
66. Kxb3 f3 67. Rxa2 Ke3 68. Ra1 f2 69. Kc3 Ke2 70. Ra2+ Ke3 71. Rxf2 1/2-1/2

[Event "European Youth Chess Championship B18"]
[Site "Prague, Top Hotel Prague"]
[Date "2016.08.21"]
[Round "4.13"]
[White "Kaczur, Florian"]
[Black "Patrascu, Catalin-Lucian"]
[Result "1-0"]
[WhiteElo "2426"]
[BlackElo "2286"]
[PlyCount "123"]
[EventDate "2016.08.18"]

1. e4 c5 2. Nf3 e6 3. c3 Nf6 4. e5 Nd5 5. d4 cxd4 6. cxd4 b6 7. Bc4 Ba6 8. b3
Be7 9. O-O O-O 10. Qe2 Bb7 11. Bd2 d6 12. Nc3 Nxc3 13. Bxc3 Nd7 14. Rfd1 dxe5
15. dxe5 Qc7 16. Rac1 Rad8 17. Re1 Qb8 18. Nd4 Nc5 19. Qg4 Qa8 20. Re3 Bd5 21.
Rce1 Bxc4 22. bxc4 Rfe8 23. Nb5 Rd7 24. Nd6 Red8 25. Rh3 Bf8 26. Qh5 h6 27. Rg3
Rxd6 28. exd6 Ne4 29. Rf3 g6 30. Qe5 Nxc3 31. Qxc3 Rxd6 32. Rd3 Qc6 33. Red1
Rxd3 34. Qxd3 a5 35. h4 h5 36. g3 Bc5 37. Qc3 Qc7 38. Kf1 e5 39. Qf3 Bd4 40.
Qd5 Qc8 41. Rd3 Kg7 42. Rf3 Qc7 43. Kg2 Qe7 44. Qc6 Qd8 45. Qb7 Qe8 46. Kf1 Qe6
47. Qd5 Qe7 48. Kg2 Qc7 49. Rd3 Qc8 50. Rxd4 exd4 51. Qxd4+ f6 52. Qxb6 Qxc4
53. Qxa5 Qe4+ 54. Kh2 Qe2 55. Qa7+ Kh6 56. a4 g5 57. hxg5+ fxg5 58. Qb6+ Kg7
59. a5 h4 60. gxh4 gxh4 61. a6 Qe4 62. Qb7+ 1-0

[Event "European Youth Chess Championship B18"]
[Site "Prague, Top Hotel Prague"]
[Date "2016.08.21"]
[Round "4.14"]
[White "Kantor, Gergely"]
[Black "Winiarski, Mikolaj"]
[Result "1/2-1/2"]
[WhiteElo "2411"]
[BlackElo "2285"]
[PlyCount "92"]
[EventDate "2016.08.18"]

1. d4 Nf6 2. c4 e6 3. Nf3 d5 4. Nc3 c6 5. e3 Nbd7 6. Qc2 Bd6 7. Bd3 O-O 8. O-O
dxc4 9. Bxc4 Qc7 10. e4 e5 11. g3 b5 12. Be2 Re8 13. Rd1 exd4 14. Nxd4 b4 15.
Nf5 Be5 16. Na4 Nb6 17. Nc5 Bxf5 18. exf5 Nfd5 19. Bf3 a5 20. Bd2 h6 21. Rac1
Rac8 22. Kg2 Qe7 23. Re1 Qf6 24. Nd3 c5 25. Nxe5 Rxe5 26. Rxe5 Qxe5 27. Re1 Qf6
28. Bc1 c4 29. Rd1 Rc5 30. Qe4 c3 31. bxc3 bxc3 32. Ba3 Rc8 33. Rxd5 Nxd5 34.
Qxd5 c2 35. Bc1 Qa1 36. Qd7 Rf8 37. Qd2 Qxa2 38. f6 Rc8 39. fxg7 Qe6 40. Bb7
Rc5 41. Ba3 Rb5 42. Bf3 Qg6 43. Qc3 a4 44. Qc4 Rb1 45. Be4 c1=Q 46. Bxc1 Rxc1
1/2-1/2

[Event "European Youth Chess Championship B18"]
[Site "Prague, Top Hotel Prague"]
[Date "2016.08.21"]
[Round "4.15"]
[White "Anikonov, Dmitry"]
[Black "Havelka, Josef"]
[Result "1-0"]
[WhiteElo "2407"]
[BlackElo "2277"]
[PlyCount "157"]
[EventDate "2016.08.18"]

1. d4 Nf6 2. c4 c5 3. d5 e6 4. Nc3 exd5 5. cxd5 d6 6. Nf3 g6 7. Bf4 a6 8. a4
Bg7 9. h3 O-O 10. e3 Qe7 11. Be2 Nbd7 12. O-O Ne8 13. Nd2 Ne5 14. Bh2 f5 15.
Rb1 Nc7 16. Qc2 Nf7 17. a5 Bd7 18. Qb3 Rab8 19. Rfd1 Be5 20. Nc4 Bxh2+ 21. Kxh2
Bb5 22. Nb6 Bxe2 23. Nxe2 Ne5 24. Nf4 Rf6 25. Qa4 g5 26. Nd3 Re8 27. Kg1 Ng6
28. Qd7 Qxd7 29. Nxd7 Rf7 30. Nb6 Nb5 31. Re1 Rfe7 32. Nc4 Kg7 33. f3 h5 34.
Kf2 Kf6 35. Rbc1 Nf8 36. h4 gxh4 37. Nf4 Ng6 38. Nxg6 Kxg6 39. Rh1 Rd8 40. Rxh4
Nc7 41. Rd1 Kg5 42. Rdh1 Rh7 43. g4 fxg4 44. fxg4 Rf8+ 45. Kg3 Ne8 46. Rxh5+
Rxh5 47. Rxh5+ Kg6 48. Kg2 Nf6 49. Rf5 Rh8 50. Nxd6 Nxg4 51. Kf3 Nf6 52. e4 Rh4
53. Kg3 Rg4+ 54. Kh3 Rg1 55. Rf3 Re1 56. Rg3+ Kh5 57. Rg7 Nxe4 58. Nxe4 Rxe4
59. Rxb7 Rd4 60. Rd7 Rd3+ 61. Kg2 Kg4 62. Kf2 Kf4 63. Ke2 Rb3 64. Re7 Rxb2+ 65.
Kd3 Rb4 66. Re6 Rd4+ 67. Kc3 Rxd5 68. Kc4 Rd1 69. Kxc5 Kf5 70. Rxa6 Ke5 71. Rc6
Ra1 72. a6 Ra2 73. Kb6 Rb2+ 74. Kc7 Kd5 75. Rd6+ Kc5 76. Rh6 Kd5 77. a7 Ra2 78.
Kb7 Rb2+ 79. Rb6 1-0